| 000 | 00422nam a22001697a 4500 | ||
|---|---|---|---|
| 020 | _a9788120350618 | ||
| 082 | _a510.5 BIS | ||
| 100 | _aPurna Chandra Biswal | ||
| 245 | _aDiscrete mathematics and graph theory, | ||
| 250 | _a4th ed. | ||
| 260 |
_aNew Delhi _bPHI Learning _c2015 |
||
| 300 |
_a730p. _bill.: |
||
| 650 | _aMathematics | ||
| 650 | _aGraph Theory | ||
| 650 | _aComputer scienc- mathematics | ||
| 942 | _cBK | ||
| 999 |
_c13486 _d13486 |
||